Africa Geography by Letter - Q - Statistics

General Stats
  • This quiz has been taken 102 times
  • The average score is 2 of 20
Answer Stats
Hint Answer % Correct
Valley where the wives of Ancient Egyptian pharaohs were buried Valley of the Queens
73%
A crystalline mineral that is one of the most abundant in the world, including in parts of Africa Quartz
65%
Biblical figure who the Solomonic Dynasty of the Ethiopian Empire claimed descent from Queen of Sheba
19%
Town in Eastern Cape, South Africa, which is also called Komani Queenstown
17%
Governorate in Upper Egypt which is located in a section of the Nile Valley Qena
9%
A large region in the Western Desert of Egypt that lies below sea level Qattara Depression
8%
The position of Ndlovukati of Eswatini is roughly equivalent to this English word queen mother
8%
Early medieval kingdom located in modern Egypt and Eritrea Qita'a
7%
City in Mozambique which is the capital of the province of Zambezia Quelimane
4%
A district and its only town in southeast Lesotho Qacha's Nek
3%
City in southern Somalia Qoryoley
3%
Another island in the same archipelago Quirimba
3%
Governorate in Lower Egypt located north of Cairo Qalyubiyya
1%
City in Eastern Cape, South Africa; along the banks of the Buffalo River Qonce
1%
Small town in eastern Somaliland Qoriley
1%
Town in Mauritius also known as the "City of Flowers" Quatre Bornes
1%
Somali clan Qubeys
1%
An island in the above archipelago Quilaluia
1%
Archipelago in northeast Mozambique Quirimbas Islands
1%
Another island in the same archipelago Quisiva
1%
No matching quizzes found
Score Distribution
Percent of People with Each Score
Percentile by Number Answered
Your Score History
You have not taken this quiz